| 000 | 00524nam a22001937a 4500 | ||
|---|---|---|---|
| 003 | LK-CoMWRAF | ||
| 005 | 20230907223122.0 | ||
| 008 | 230907b1986 |||||||| |||| 00| 0 eng d | ||
| 020 | _a067972205X | ||
| 040 |
_aLK-CoMWRAF _dLK-CoMWRAF _eLK-CoMWRAF |
||
| 041 | _aeng | ||
| 082 |
_a823 _bMAR |
||
| 100 | _aMarquez, Gabriel Garcia | ||
| 245 | _aThe Story of a shipwrecked sailor | ||
| 260 |
_aIndia : _bRafael palacios, _c1986 |
||
| 650 | _aEnglish Fiction-Translations | ||
| 700 |
_aKnopf, Alfred A. _etrans. |
||
| 942 | _cBK | ||
| 999 |
_c3464 _d3464 |
||